000 00455nam a2200181Ia 4500
005 20240823012942.0
008 240823s9999||||xx |||||||||||||| ||und||
041 _aENGLISH
082 _A519.4 P3
100 _aSinnelt William E
245 0 _aMA038 Numerical Methods (Anna University)
250 _a1st
260 _c2003
_b"Meenakshi Agency,Ch"
_aChennai
500 _aTRANSFERED
650 _aMATHS
_bMathematics
942 _cBK
999 _c165858
_d165858